Statistics for NBA Nickname Multiple Choice

Click here to take the quiz!

General Stats

  • This quiz has been taken 28 times
  • The average score is 12 of 15

Answer Stats

QuestionAnswer% Correct
Black MambaKobe Bryant
100%
The AnswerAllen Iverson
96%
The DreamHakeem Olajuwon
96%
Big OOscar Robertson
96%
The Big TicketKevin Garnett
92%
DieselShaquille O'Neal
92%
The Human Highlight ReelDominique Wilkins
88%
White ChocolateJason Williams
88%
The Big FundamentalTim Duncan
88%
The JetKenny Smith
79%
Chocolate ThunderDarryl Dawkins
75%
The MatrixShawn Marion
71%
The IcemanGeorge Gervin
63%
The ProcessJoel Embiid
63%
Playoff PPaul George
50%

Score Distribution

Percentile by Number Answered

Percent of People with Each Score

Your Score History

You have not taken this quiz